| 000 | 00729nam a2200229 4500 | ||
|---|---|---|---|
| 003 | OSt | ||
| 005 | 20240629033426.0 | ||
| 006 | a | ||
| 008 | 240629b |||||||| |||| 00| 0 eng d | ||
| 020 | _a9781597494311 | ||
| 040 |
_aDWCL-Main lib. _cOC |
||
| 082 | _aCirc. 005.43 M626 2010 | ||
| 245 | _aMicrosoft virtualization: master Microsoft server, desktop, application, and presentation virtualization / | ||
| 260 |
_aAmsterdan : _bElsevier/Syngress, _cc2010. |
||
| 300 |
_axx, _b426 p. : ill. ; _c24 cm. |
||
| 504 | _aIncludes index. | ||
| 650 | _a1. Microsoft Windows server Hyper-V. | ||
| 650 | _a2. Virtual computer systems. | ||
| 700 | _aTomas Olzak | ||
| 700 | _aKenneth Majors | ||
| 942 |
_2ddc _n0 _cBK-CIRC _kCirc. |
||
| 999 |
_c1652 _d1652 |
||